00662nam a2200157 a 450000500170000000800410001702000180005805000220007610000170009824500900011526000500020530000230025552001670027865000270044565000320047220140412111325.0000818s19uu xx 00 eng d a1-58089-005-9 aTR(PS EbOh1 1995 aTrapani, Iza aOh Where, oh where has my little dog gone? /cas told and illustrated by Iza Trapani. aDallas, TX :bWhispering Coyote Press,c1995. a1 v. (unp.) ; ill. aAn expanded version of the well-known song, in which the dog runs away from home and explores the desert, mountains, and oceans before deciding that home is best. aChildren's songs-Texts aDogs-Songs and musicxSongs